Top 30 Città più popolose non Capoluogo Centro Italia - Statistics

Statistiche generali
  • Questo quiz è stato fatto 163 volte
    145 dall'ultimo reset
  • Il punteggio medio è 13 su 30
Statistiche sulle risposte
Popolazione Regione Città % Corretto
77 697 Lazio Fiumicino
78%
88 502 Lazio Guidonia Montecelio
67%
62 661 Toscana Viareggio
66%
53 027 Lazio Civitavecchia
64%
57 115 Umbria Foligno
63%
60 989 Marche Fano
62%
47 040 Marche San Benedetto del Tronto
59%
39 574 Umbria Spoleto
58%
56 706 Lazio Tivoli
57%
48 801 Toscana Empoli
53%
72 923 Lazio Aprilia
51%
63 666 Lazio Pomezia
50%
54 061 Lazio Anzio
49%
44 088 Marche Senigallia
47%
38 259 Umbria Città di Castello
45%
39 183 Marche Jesi
45%
50 654 Toscana Scandicci
44%
49 155 Toscana Sesto Fiorentino
42%
41 735 Marche Civitanova Marche
39%
53 300 Lazio Velletri
37%
44 233 Lazio Terracina
31%
37 293 Lazio Ladispoli
29%
45 460 Lazio Nettuno
28%
39 502 Lazio Monterotondo
26%
48 066 Toscana Campi Bisenzio
24%
44 202 Lazio Ardea
18%
46 123 Toscana Capannori
18%
38 245 Lazio Marino
15%
38 433 Lazio Albano Laziale
13%
44 749 Toscana Cascina
13%
Nessun quiz corrispondente trovato
Distribuzione punteggi
Percentuale di utenti per punteggio
Percentile per numero di risposta
I tuoi punteggi nel tempo
Non hai fatto questo quiz dall'ultimo reset